[Event "IECG TE.2005.S.01804"]
[Site "IECG email"]
[Date "2006.05.05"]
[Round "?"]
[White "Luminaria, Ivan"]
[Black "Degterev, Pavel"]
[Result "0-1"]
[WhiteElo "1671"]
[BlackElo "2025"]
[PlyCount "128"]
[EventDate "2006.05.05"]
[EventType "tourn (corr)"]
[EventRounds "2"]
[SourceTitle "Corr 2008"]
[Source "ChessBase"]
[SourceDate "2008.06.24"]
[SourceVersion "1"]
[SourceVersionDate "2008.06.24"]
[SourceQuality "1"]

1. d4 Nf6 2. c4 c5 3. d5 b5 4. Nf3 Bb7 5. a4 Qa5+ 6. Bd2 b4 7. Qc2 Qc7 8. e4 d6 9. Be2 g6 10. Be3 Nbd7 11. 0-0 Bg7 12. Nbd2 a5 13. Ne1 0-0 14. Nd3 e6 15. Bf3 exd5 16. exd5 Rfe8 17. Bf4 Ne5 18. Nxe5 dxe5 19. Be3 e4 20. Be2 h5 21. Rae1 Bc8 22. Kh1 Bf5 23. h3 Bf8 24. Qc1 Qe5 25. f4 exf3 26. Rxf3 Ng4 27. Bf4 Qh8 28. Nb3 Bg7 29. Qd1 Bxb2 30. Bf1 Be4 31. Rxe4 Rxe4 32. Nxc5 Ree8 33. Nb3 Be5 34. Qc1 Bc3 35. Bd2 Bb2 36. Qb1 Bd4 37. Be1 Be5 38. c5 Nh2 39. Rf2 Bg3 40. Bb5 Ng4 41. Rf1 Rxe1 42. Rxe1 Bxe1 43. Qxe1 Qb2 44. Nd2 Ne5 45. d6 Qc3 46. Qd1 Qd4 47. Qc2 Rc8 48. Nb3 Qxd6 49. cxd6 Rxc2 50. d7 Nxd7 51. Bxd7 Rc3 52. Nxa5 b3 53. Nxb3 Rxb3 54. h4 Rb4 55. g3 Rb2 56. Bc6 Kg7 57. Kg1 Ra2 58. Kf1 f5 59. Kg1 g5 60. Bd7 gxh4 61. gxh4 Kf6 62. Be8 Ke5 63. Bxh5 Rxa4 64. Kf2 Rxh4 0-1

[Event "IECG TE.2005.S.01804"]
[Site "IECG email"]
[Date "2006.05.05"]
[Round "?"]
[White "Luminaria, Ivan"]
[Black "Lejsek, Heinz"]
[Result "1/2-1/2"]
[WhiteElo "1671"]
[BlackElo "2271"]
[PlyCount "56"]
[EventDate "2006.05.05"]
[EventType "tourn (corr)"]
[EventRounds "2"]
[SourceTitle "Corr 2008"]
[Source "ChessBase"]
[SourceDate "2008.06.24"]
[SourceVersion "1"]
[SourceVersionDate "2008.06.24"]
[SourceQuality "1"]

1. d4 Nf6 2. c4 c5 3. d5 b5 4. Nf3 Bb7 5. a4 b4 6. Nbd2 g6 7. e4 d6 8. Bd3 Bg7 9. 0-0 0-0 10. Re1 Nbd7 11. Nf1 e5 12. Ng3 a5 13. Be3 Ng4 14. Bg5 f6 15. Bd2 Nh6 16. Qc1 Nf7 17. Be3 Qe7 18. Qd2 Rfe8 19. Rf1 Qf8 20. Be2 Bh6 21. Ne1 Bxe3 22. Qxe3 h5 23. Nf3 Qh6 24. Nh4 Nf8 25. f4 Rad8 26. Qc1 Nd7 27. Nxg6 Qxg6 28. Bxh5 Qh7 1/2-1/2

[Event "IECG TE.2005.S.01804"]
[Site "IECG email"]
[Date "2006.05.05"]
[Round "1"]
[White "Luminaria, Ivan"]
[Black "Ottenweller, Wolfgang"]
[Result "0-1"]
[WhiteElo "1671"]
[BlackElo "1964"]
[PlyCount "114"]
[EventDate "2006.05.05"]
[EventType "tourn (corr)"]
[EventRounds "2"]
[SourceTitle "Corr 2024"]
[Source "ChessBase"]
[SourceDate "2023.10.19"]
[SourceVersion "1"]
[SourceVersionDate "2023.10.19"]
[SourceQuality "1"]

1. d4 Nf6 2. c4 c5 3. d5 b5 4. Nf3 Bb7 5. a4 b4 6. Nbd2 d6 7. e4 e5 8. Bd3 Be7 9. Nh4 Nxd5 10. cxd5 Bxh4 11. Bb5+ Nd7 12. Nc4 Qc7 13. Qg4 Bf6 14. f4 h5 15. Qf5 a6 16. Qxd7+ Qxd7 17. Bxd7+ Kxd7 18. Nb6+ Ke7 19. Nxa8 Rxa8 20. f5 a5 21. Be3 Ba6 22. 0-0-0 Rb8 23. b3 Rg8 24. Rd2 g6 25. fxg6 Rxg6 26. Re1 Ke8 27. Kc2 Rg4 28. Rf2 Bd8 29. Bd2 c4 30. bxc4 Bxc4 31. g3 h4 32. Rf3 Bb6 33. Bc1 Bc5 34. Bb2 Kf8 35. gxh4 Rxh4 36. h3 Rf4 37. Rd3 f5 38. exf5 Rxf5 39. Rdd1 Rf3 40. Kb1 Rxh3 41. Rc1 Bd3+ 42. Ka1 e4 43. Ka2 Rh5 44. Rh1 Rxd5 45. Rh8+ Ke7 46. Ra8 e3 47. Rg1 Rf5 48. Rg7+ Ke6 49. Rg3 Bc4+ 50. Kb1 Rf1+ 51. Kc2 e2 52. Re8+ Kd5 53. Bc1 e1N+ 54. Rxe1 Rxe1 55. Bd2 Ra1 56. Bc1 b3+ 57. Rxb3 Rxc1+ 0-1

[Event "IECG CC.2005.0.00114 email"]
[Site "IECG email"]
[Date "2005.04.03"]
[Round "?"]
[White "Munoz Sanchez, Emilio Josep"]
[Black "Luminaria, Ivan"]
[Result "1-0"]
[WhiteElo "1700"]
[BlackElo "1652"]
[PlyCount "89"]
[EventDate "2005.04.03"]
[EventType "tourn (corr)"]
[EventRounds "6"]
[SourceTitle "Corr 2008"]
[Source "ChessBase"]
[SourceDate "2008.06.24"]
[SourceVersion "1"]
[SourceVersionDate "2008.06.24"]
[SourceQuality "1"]

1. d4 d5 2. c4 c5 3. dxc5 d4 4. Nf3 Nc6 5. e3 e5 6. exd4 exd4 7. Bd3 Bxc5 8. 0-0 Nf6 9. Re1+ Be7 10. Bg5 0-0 11. Nbd2 h6 12. Bh4 g5 13. Bg3 Nh5 14. Ne5 Nxg3 15. Nxc6 bxc6 16. hxg3 Rb8 17. Qh5 Kg7 18. Rab1 Bb4 19. Re2 f5 20. Nf3 Qf6 21. Ne5 Rb6 22. a3 Bd6 23. c5 Bxc5 24. Rbe1 Rb3 25. Rc2 Bd6 26. Rxc6 Rb6 27. Rxc8 Rxc8 28. Nd7 Qf7 29. Qxf7+ Kxf7 30. Nxb6 axb6 31. Bxf5 Rc5 32. Bd3 Kf6 33. Kf1 Re5 34. Rxe5 Kxe5 35. Ke2 Be7 36. Bb5 Kd5 37. Kd3 Bd6 38. Bc4+ Ke5 39. Bf7 Kf6 40. Bh5 Ke5 41. b4 Be7 42. Kc4 Bd6 43. Kb5 Bc7 44. Kc6 Bd8 45. Bg6 1-0

[Event "IECG TE.2005.P.01803 email"]
[Site "IECG email"]
[Date "2005.03.24"]
[Round "?"]
[White "Borrell, Robert"]
[Black "Luminaria, Ivan"]
[Result "1/2-1/2"]
[WhiteElo "1344"]
[BlackElo "1652"]
[PlyCount "63"]
[EventDate "2005.03.24"]
[EventType "tourn (corr)"]
[EventRounds "8"]
[SourceTitle "Corr 2008"]
[Source "ChessBase"]
[SourceDate "2008.06.24"]
[SourceVersion "1"]
[SourceVersionDate "2008.06.24"]
[SourceQuality "1"]

1. d4 Nf6 2. c4 c5 3. d5 b5 4. Nf3 e6 5. Bg5 exd5 6. cxd5 h6 7. Bxf6 Qxf6 8. Qc2 d6 9. e4 a6 10. a4 b4 11. Bd3 g5 12. Nfd2 Bg7 13. Nc4 Nd7 14. Nbd2 0-0 15. 0-0 Qf4 16. Be2 Re8 17. Rae1 Rb8 18. g3 Qf6 19. f4 gxf4 20. Rxf4 Qe7 21. Bh5 Nf6 22. Bxf7+ Kxf7 23. e5 b3 24. Qh7 dxe5 25. Rxf6+ Qxf6 26. Rf1 Qxf1+ 27. Nxf1 Rd8 28. Nxe5+ Kf8 29. Ng6+ Kf7 30. Ne3 Rb7 31. Nf4 Kf8 32. Kg2 1/2-1/2

[Event "IECG TE.2005.P.01803 email"]
[Site "IECG email"]
[Date "2005.03.24"]
[Round "?"]
[White "Kumar, Abhay"]
[Black "Luminaria, Ivan"]
[Result "0-1"]
[WhiteElo "731"]
[BlackElo "1652"]
[PlyCount "66"]
[EventDate "2005.03.24"]
[EventType "tourn (corr)"]
[EventRounds "8"]
[SourceTitle "Corr 2008"]
[Source "ChessBase"]
[SourceDate "2008.06.24"]
[SourceVersion "1"]
[SourceVersionDate "2008.06.24"]
[SourceQuality "1"]

1. d4 Nf6 2. c4 c5 3. d5 b5 4. Nf3 e6 5. Bg5 Qa5+ 6. Qd2 Qxd2+ 7. Nbxd2 bxc4 8. Bxf6 gxf6 9. Nxc4 exd5 10. Ncd2 Nc6 11. 0-0-0 Ne5 12. h3 d4 13. Nh4 d5 14. Kb1 Rb8 15. Rg1 c4 16. g3 Be6 17. Rc1 Bb4 18. Ndf3 Ba3 19. Rc2 Nxf3 20. exf3 d3 21. Rd2 c3 22. Bxd3 cxd2 23. b3 Rc8 24. Bc2 d4 25. Rd1 d3 26. Rxd2 dxc2+ 27. Rxc2 0-0 28. b4 Rfd8 29. Rc5 Rxc5 30. bxc5 Rd2 31. c6 Bxa2+ 32. Ka1 Bb4 33. c7 Bc3# 0-1

[Event "IECG TE.2005.P.01803 email"]
[Site "IECG email"]
[Date "2005.03.24"]
[Round "?"]
[White "Luminaria, Ivan"]
[Black "Rensen, Martin"]
[Result "1-0"]
[WhiteElo "1652"]
[BlackElo "2359"]
[PlyCount "59"]
[EventDate "2005.03.24"]
[EventType "tourn (corr)"]
[EventRounds "8"]
[SourceTitle "Corr 2008"]
[Source "ChessBase"]
[SourceDate "2008.06.24"]
[SourceVersion "1"]
[SourceVersionDate "2008.06.24"]
[SourceQuality "1"]

1. d4 Nf6 2. c4 c5 3. d5 b5 4. Nf3 e6 5. Bg5 Qa5+ 6. Qd2 Qxd2+ 7. Nbxd2 bxc4 8. e4 Bb7 9. Bxf6 gxf6 10. Bxc4 Na6 11. 0-0-0 Rg8 12. Rhg1 Nc7 13. Nb3 a5 14. d6 Na6 15. Nfd2 Bxd6 16. Nxa5 Bc8 17. Nf3 Be7 18. Nb3 Nc7 19. a3 d5 20. exd5 exd5 21. Be2 Kf8 22. Na1 Be6 23. Nc2 Bd6 24. Ne3 Kg7 25. g3 Rgd8 26. Nh4 Kg8 27. Nhf5 Bf8 28. g4 c4 29. Bf3 c3 30. bxc3 1-0

[Event "IECG TE.2005.P.01803 email"]
[Site "IECG email"]
[Date "2005.03.24"]
[Round "?"]
[White "Rensen, Martin"]
[Black "Luminaria, Ivan"]
[Result "0-1"]
[WhiteElo "2359"]
[BlackElo "1652"]
[PlyCount "54"]
[EventDate "2005.03.24"]
[EventType "tourn (corr)"]
[EventRounds "8"]
[SourceTitle "Corr 2008"]
[Source "ChessBase"]
[SourceDate "2008.06.24"]
[SourceVersion "1"]
[SourceVersionDate "2008.06.24"]
[SourceQuality "1"]

1. d4 Nf6 2. c4 c5 3. d5 b5 4. Nf3 g6 5. cxb5 a6 6. b6 d6 7. Nc3 Qxb6 8. e4 Bg7 9. Nd2 0-0 10. Nc4 Qc7 11. Be2 Nbd7 12. Bf4 Nb6 13. Ne3 Bd7 14. 0-0 a5 15. Re1 a4 16. Nc2 Rfb8 17. Rc1 Nc8 18. Rb1 Rb7 19. Na3 Rab8 20. Qc2 Ra8 21. Rec1 Rb4 22. Bd2 Rb7 23. Nd1 e6 24. dxe6 fxe6 25. e5 Nd5 26. exd6 Nxd6 27. Bf3 Bd4 0-1

[Event "IECG RI.2003.0.00013 email"]
[Site "IECG email"]
[Date "2003.10.25"]
[Round "?"]
[White "Luminaria, Ivan"]
[Black "Durand, Jean Philippe"]
[Result "1/2-1/2"]
[WhiteElo "1300"]
[BlackElo "1839"]
[PlyCount "118"]
[EventDate "2003.10.25"]
[EventType "tourn (corr)"]
[EventRounds "6"]
[SourceTitle "Corr 2008"]
[Source "ChessBase"]
[SourceDate "2008.06.24"]
[SourceVersion "1"]
[SourceVersionDate "2008.06.24"]
[SourceQuality "1"]

1. d4 Nf6 2. c4 e6 3. Nc3 Bb4 4. e3 b6 5. Nge2 Ba6 6. Ng3 Bxc3+ 7. bxc3 d5 8. Ba3 Bxc4 9. Bxc4 dxc4 10. Qa4+ Qd7 11. Qxc4 Qc6 12. Qxc6+ Nxc6 13. c4 a6 14. Ke2 b5 15. Rhc1 Kd7 16. Nf1 h5 17. Nd2 h4 18. h3 Na5 19. Bc5 Nb7 20. cxb5 axb5 21. Nf3 Rh5 22. Ne5+ Ke8 23. a4 bxa4 24. Ba3 c5 25. Bxc5 Nxc5 26. Rxc5 Ne4 27. Rc7 Rg5 28. Rc2 Nd6 29. Rc6 Ne4 30. Ra3 Kf8 31. f3 Ng3+ 32. Ke1 Nh1 33. Rc2 Ke8 34. f4 Rh5 35. Rca2 f6 36. Nd3 Rha5 37. Nc5 e5 38. Rxa4 Rxa4 39. Rxa4 Rxa4 40. Nxa4 e4 41. g4 hxg3 42. Kf1 f5 43. Kg2 Nf2 44. Nb2 Nd3 45. Nc4 Kd7 46. Kxg3 Ke6 47. Ne5 Nb2 48. Kf2 Nd1+ 49. Ke2 Nc3+ 50. Kd2 Nd5 51. Nc4 Kf6 52. h4 Kg6 53. Nd6 Kf6 54. Ke2 Nc3+ 55. Ke1 Nd5 56. Kf2 Kg6 57. h5+ Kf6 58. Nc4 Ke6 59. Kg3 Kf7 1/2-1/2

[Event "IECG RI.2003.0.00013 email"]
[Site "IECG email"]
[Date "2003.10.25"]
[Round "?"]
[White "Luminaria, Ivan"]
[Black "Starace, Umberto"]
[Result "1/2-1/2"]
[WhiteElo "1300"]
[BlackElo "1847"]
[PlyCount "167"]
[EventDate "2003.10.25"]
[EventType "tourn (corr)"]
[EventRounds "6"]
[SourceTitle "Corr 2008"]
[Source "ChessBase"]
[SourceDate "2008.06.24"]
[SourceVersion "1"]
[SourceVersionDate "2008.06.24"]
[SourceQuality "1"]

1. d4 Nf6 2. c4 e6 3. Nf3 b6 4. g3 Bb7 5. Bg2 Be7 6. 0-0 0-0 7. Nc3 Ne4 8. Bd2 Bf6 9. Rc1 d5 10. cxd5 Nxc3 11. Bxc3 exd5 12. b4 Re8 13. Re1 Nd7 14. Qc2 Nf8 15. a4 Ne6 16. e3 Rc8 17. Qf5 g6 18. Qd3 c6 19. h3 Bg7 20. b5 c5 21. Qd2 c4 22. Ra1 Qf6 23. Rec1 a5 24. bxa6 Bxa6 25. Rcb1 Nc7 26. Rb2 b5 27. Ne5 Qe6 28. Rab1 bxa4 29. Rb6 Qe7 30. Qc2 Bxe5 31. dxe5 Qd7 32. Rd6 Qf5 33. e4 dxe4 34. Bxe4 Qxh3 35. Bc6 Red8 36. Qd2 Ne6 37. Bd5 Rb8 38. Rxd8+ Rxd8 39. Bxe6 Rxd2 40. Bxh3 Rd3 41. Rb8+ Kg7 42. e6+ Rxc3 43. e7 Rc1+ 44. Bf1 Bb5 45. Rxb5 Re1 46. Ra5 c3 47. Rxa4 Rxe7 48. Rc4 f5 49. Rxc3 Rd7 50. Kg2 Kf6 51. Rc6+ Ke5 52. Kf3 Ra7 53. Ke3 Ra3+ 54. Bd3 Ra7 55. Rc5+ Kf6 56. Kf4 Rd7 57. Rc6+ Kg7 58. Bc4 Rd4+ 59. Ke5 Re4+ 60. Kd5 Re7 61. Re6 Rb7 62. Ke5 Rc7 63. Bb3 Rb7 64. Bd5 Rc7 65. Kd6 Rc2 66. Re7+ Kh6 67. f4 Kh5 68. Bf3+ Kh6 69. g4 fxg4 70. Bxg4 Rd2+ 71. Ke5 Rd8 72. Bd7 Rf8 73. Bc6 Rf5+ 74. Ke4 Rc5 75. Bb7 Rf5 76. Bd5 Rf8 77. Ke3 Rc8 78. Kf3 Rd8 79. Re5 Rc8 80. Re6 Rc7 81. Kg4 Rd7 82. Bc6 Rf7 83. Be4 Kg7 84. Rd6 1/2-1/2

[Event "IECG TG-2003-0-14893"]
[Site "IECG email"]
[Date "2003.06.01"]
[Round "2"]
[White "Iqbal, Arif"]
[Black "Luminaria, Ivan"]
[Result "0-1"]
[WhiteElo "1300"]
[BlackElo "1300"]
[PlyCount "36"]
[EventDate "2003.06.01"]
[EventType "tourn (corr)"]
[EventRounds "6"]
[SourceTitle "Corr 2024"]
[Source "ChessBase"]
[SourceDate "2023.10.19"]
[SourceVersion "1"]
[SourceVersionDate "2023.10.19"]
[SourceQuality "1"]

1. c4 c5 2. e4 g6 3. Nc3 Bg7 4. Nf3 Nc6 5. d3 d6 6. Qa4 Nf6 7. Be3 0-0 8. d4 Ng4 9. Bg5 Nxd4 10. Nxd4 Bxd4 11. Nd1 f5 12. Qc2 fxe4 13. Qxe4 Qb6 14. Rc1 Bxf2+ 15. Ke2 Rf5 16. Kd3 Re5 17. Qf4 Bf5+ 18. Kd2 Be1# 0-1